000 00600nam a22001937a 4500
003 OSt
005 20251002024834.0
008 251002b |||||||| |||| 00| 0 eng d
020 _a81-897-41-41-1.
040 _aDWCL-Admin lib
_cOC
082 _aCirc. 370.15 J82e 2007
100 _aJohri, Pk
245 _aEducational psychology
_cPk Johri
260 _aNew Delhi :
_bSBS Publishers & Distributors Pvt. Ltd.,
_cc2007.
300 _aviii, 318 p. : ill. ;
_c23 cm.
504 _aIncludes bibliographical references & indx.
650 _a1. Educational psychology.
942 _2ddc
_cBK-CIRC
_kCirc.
_n0
999 _c4623
_d4623